|
|
|
|
| LEADER |
00800cam a2200229 7i4500 |
| 001 |
0000010297 |
| 005 |
20200317090000.0 |
| 008 |
200317s1957 nyu# ### #00001eng## |
| 040 |
# |
# |
|a UMT
|b eng
|c UMT
|e rda
|
| 090 |
0 |
0 |
|a QL 639
|b .P4 1957
|
| 100 |
0 |
# |
|a Brown, Margaret E
|e author
|
| 245 |
0 |
4 |
|a The physiology of fishes
|c edited by Margaret E. Brown.
|
| 264 |
# |
0 |
|a New York:
|b Academic Press Inc.,
|c 1957
|
| 300 |
# |
# |
|a xi, 526 pages:
|b illustrations;
|c 24 cm
|
| 336 |
# |
# |
|a text --
|2 rdacontent
|
| 337 |
# |
# |
|a unmediated --
|2 rdamedia
|
| 338 |
# |
# |
|a volume --
|2 rdacarrier
|
| 504 |
# |
# |
|a Include index
|
| 505 |
0 |
0 |
|a Volume 1: Metabolism - Volume 2: Behavior
|
| 650 |
0 |
0 |
|a Fishes --
|x Physiology
|
| 999 |
|
|
|a 1000402659
|b Book
|c Open Shelf
|e KOLEKSI TERBUKA
|
| 999 |
|
|
|a 1000402692
|b Book
|c Open Shelf
|e KOLEKSI TERBUKA
|